[Event "Olkhovskiy Memorial rapid"]
[Site "Vinnytsia"]
[Date "2016.04.23"]
[Round "7"]
[White "Klementev, Oleg"]
[Black "Omelja, Artem"]
[Result "0-1"]
[WhiteElo "2141"]
[BlackElo "2320"]
[PlyCount "98"]
[EventDate "2016.04.23"]
[EventType "swiss (rapid)"]
[EventRounds "13"]
[EventCountry "UKR"]
[SourceTitle "CBM 172 Extra"]
[Source "ChessBase"]
[SourceDate "2016.06.21"]
[SourceVersion "1"]
[SourceVersionDate "2016.06.21"]
[SourceQuality "1"]

1. e4 e6 2. d4 d5 3. Nc3 Bb4 4. e5 c5 5. Bd2 Ne7 6. a3 Bxc3 7. Bxc3 b6 8. b4 Nd7 9. Nf3 h6 10. Bd3 g5 11. 0-0 c4 12. Be2 Ng6 13. g3 f5 14. exf6 Qxf6 15. Ne5 Ndxe5 16. dxe5 Qg7 17. Bh5 0-0 18. Qd4 Bd7 19. Rae1 Be8 20. Qg4 Rf5 21. Qe2 Nf4 22. gxf4 Bxh5 23. f3 Rxf4 24. Bd2 Rf5 25. Qg2 Raf8 26. f4 gxf4 27. Qxg7+ Kxg7 28. Kf2 Rg5 29. Bc3 Kg6 30. Rg1 Kf5 31. h4 Rg4 32. Rxg4 Kxg4 33. Rg1+ Kxh4 34. Bd4 Bg4 35. c3 Kg5 36. a4 h5 37. a5 bxa5 38. bxa5 a6 39. Bc5 Rb8 40. Bb6 Kf5 41. Rh1 Rb7 42. Rh4 Kxe5 43. Rh1 Kf5 44. Rb1 h4 45. Rh1 h3 46. Rb1 e5 47. Kg1 e4 48. Kh2 e3 49. Rf1 Ke4 0-1

[Event "UKR-ch sf"]
[Site "Alushta"]
[Date "2011.05.07"]
[Round "5"]
[White "Klementev, Oleg"]
[Black "Buturin, Vladimir"]
[Result "1-0"]
[WhiteElo "2111"]
[BlackElo "2311"]
[PlyCount "123"]
[EventDate "2011.05.03"]
[EventType "swiss"]
[EventRounds "9"]
[EventCountry "UKR"]
[SourceTitle "CBM 142 Extra"]
[Source "ChessBase"]
[SourceDate "2011.06.27"]
[SourceVersion "1"]
[SourceVersionDate "2011.06.27"]
[SourceQuality "1"]

1. e4 c5 2. Nf3 e6 3. d3 Nc6 4. g3 d5 5. Nbd2 Bd6 6. Bg2 Nge7 7. 0-0 0-0 8. Re1 f6 9. c3 d4 10. Bh3 Rb8 11. a4 Kh8 12. Qb3 Na5 13. Qa2 e5 14. Bxc8 Qxc8 15. Kg2 Ng6 16. Ng1 Be7 17. Nc4 Nc6 18. Qb3 Qd7 19. Qc2 Rfd8 20. Rd1 b6 21. Qe2 a6 22. a5 b5 23. Nb6 Qe6 24. Nd5 dxc3 25. bxc3 f5 26. Nh3 b4 27. c4 Rf8 28. Qh5 Kg8 29. Nxe7+ Ngxe7 30. Qxh7+ Kxh7 31. Ng5+ Kg8 32. Nxe6 Rfc8 33. Nxc5 Ra8 34. Nb3 Kf7 35. Be3 Rd8 36. Bb6 Rd6 37. f3 g6 38. f4 Rc8 39. Rac1 exf4 40. gxf4 fxe4 41. dxe4 Rf6 42. Kg3 Nb8 43. Bd8 Re6 44. Bxe7 Rxe7 45. e5 g5 46. fxg5 Rxe5 47. Rf1+ Kg7 48. h4 Nc6 49. Rce1 Rce8 50. Rxe5 Rxe5 51. Kf4 Re7 52. Rd1 Ne5 53. h5 Nxc4 54. Rd4 Ne5 55. Kf5 Nc6 56. Rd6 Rc7 57. Ke6 Nb8 58. Nd4 Kh7 59. Nf5 Rc6 60. g6+ Kh8 61. g7+ Kh7 62. g8Q+ 1-0

[Event "UKR-ch"]
[Site "Alushta"]
[Date "2010.05.09"]
[Round "7"]
[White "Klementev, Oleg"]
[Black "Roschupkin, Volodymyr"]
[Result "1-0"]
[WhiteElo "2136"]
[BlackElo "1961"]
[PlyCount "49"]
[EventDate "2010.05.03"]
[EventType "swiss"]
[EventRounds "9"]
[EventCountry "UKR"]
[SourceTitle "CBM 136 Extra"]
[Source "ChessBase"]
[SourceDate "2010.07.02"]
[SourceVersion "2"]
[SourceVersionDate "2010.07.15"]
[SourceQuality "1"]

1. e4 c5 2. Nf3 d6 3. d4 cxd4 4. Qxd4 Nc6 5. Bb5 Bd7 6. Bxc6 Bxc6 7. Nc3 Nf6 8. Bg5 e6 9. 0-0-0 Be7 10. Rhe1 0-0 11. e5 dxe5 12. Qh4 Qc7 13. Nxe5 h6 14. Bxh6 gxh6 15. Qxh6 Nh7 16. f4 Rfd8 17. Re3 Rxd1+ 18. Nxd1 Bf8 19. Rg3+ Kh8 20. Qh5 Be8 21. Qg4 Nf6 22. Qg5 Qe7 23. Nf2 Bc6 24. Rh3+ Nh7 25. Qh5 1-0

[Event "UKR-ch"]
[Site "Alushta"]
[Date "2010.05.05"]
[Round "3"]
[White "Klementev, Oleg"]
[Black "Avetisian, Tigran"]
[Result "0-1"]
[WhiteElo "2136"]
[BlackElo "1959"]
[PlyCount "44"]
[EventDate "2010.05.03"]
[EventType "swiss"]
[EventRounds "9"]
[EventCountry "UKR"]
[SourceTitle "CBM 136 Extra"]
[Source "ChessBase"]
[SourceDate "2010.07.02"]
[SourceVersion "2"]
[SourceVersionDate "2010.07.15"]
[SourceQuality "1"]

1. e4 c5 2. Nf3 Nc6 3. Nc3 e5 4. Bc4 Be7 5. d3 d6 6. 0-0 Nf6 7. Ng5 0-0 8. f4 Bg4 9. Qe1 Nd4 10. fxe5 dxe5 11. Qh4 h5 12. Qf2 Be6 13. h3 Bxc4 14. dxc4 Ng4 15. hxg4 Bxg5 16. gxh5 f5 17. Nd5 Bxc1 18. Raxc1 Qg5 19. exf5 Rxf5 20. Qe3 Qxe3+ 21. Nxe3 Ne2+ 22. Kh2 Rxh5# 0-1

[Event "UKR-ch"]
[Site "Alushta"]
[Date "2010.05.03"]
[Round "1"]
[White "Klementev, Oleg"]
[Black "Iljin, Timofey"]
[Result "0-1"]
[WhiteElo "2136"]
[BlackElo "2422"]
[PlyCount "66"]
[EventDate "2010.05.03"]
[EventType "swiss"]
[EventRounds "9"]
[EventCountry "UKR"]
[SourceTitle "CBM 136 Extra"]
[Source "ChessBase"]
[SourceDate "2010.07.02"]
[SourceVersion "2"]
[SourceVersionDate "2010.07.15"]
[SourceQuality "1"]

1. e4 c5 2. Nc3 Nc6 3. Nf3 e5 4. Bc4 Be7 5. d3 Nf6 6. Nd2 d6 7. Nf1 Bg4 8. f3 Be6 9. Ne3 0-0 10. 0-0 a6 11. a4 Nb4 12. Ncd5 Nbxd5 13. Bxd5 Nxd5 14. exd5 Bd7 15. f4 exf4 16. Rxf4 Bg5 17. Rf1 b5 18. axb5 axb5 19. Rxa8 Qxa8 20. Qh5 Qd8 21. c4 g6 22. Qf3 f5 23. g3 Bf6 24. b3 Qa5 25. cxb5 Qc3 26. Nc4 Bxb5 27. Bb2 Qxb3 28. Bxf6 Rxf6 29. Qe2 Qc3 30. Rb1 Qd4+ 31. Kf1 f4 32. g4 f3 33. Qb2 Qxd3+ 0-1

[Event "Dnipropetrovsk Region-ch"]
[Site "Dnipropetrovsk"]
[Date "2008.10.??"]
[Round "10"]
[White "Varitski, Igor"]
[Black "Klementev, Oleg"]
[Result "1-0"]
[WhiteElo "2332"]
[BlackElo "2192"]
[PlyCount "105"]
[EventDate "2008.10.??"]
[EventType "tourn"]
[EventRounds "11"]
[EventCountry "UKR"]
[SourceTitle "EXT 2010"]
[Source "ChessBase"]
[SourceDate "2010.11.25"]
[SourceVersion "1"]
[SourceVersionDate "2010.11.25"]
[SourceQuality "1"]

1. e4 d5 2. exd5 Nf6 3. Nf3 Qxd5 4. Nc3 Qd6 5. h3 a6 6. d4 Nc6 7. Bc4 Bf5 8. Be3 e6 9. Qe2 Be7 10. a3 Ne4 11. Nxe4 Bxe4 12. Bd3 Bxd3 13. Qxd3 Bf6 14. 0-0 h6 15. Rad1 0-0-0 16. b4 g5 17. b5 axb5 18. Qxb5 Qd5 19. Qa4 Qa5 20. Qb3 h5 21. d5 Rxd5 22. Rxd5 Qxd5 23. Qxd5 exd5 24. Nxg5 Bxg5 25. Bxg5 Rg8 26. h4 Nd4 27. Rd1 Nxc2 28. Rxd5 Re8 29. a4 c6 30. Rf5 Re1+ 31. Kh2 Ra1 32. Rf4 Ra3 33. Be7 Rd3 34. Rxf7 b5 35. axb5 cxb5 36. Rf5 Kd7 37. Bf8 Ke8 38. Bg7 b4 39. Rxh5 Kf7 40. Rg5 Nd4 41. Bxd4 Rxd4 42. g3 b3 43. Rb5 Rd2 44. Kg2 b2 45. h5 Kg7 46. g4 Kh6 47. Kg3 Rc2 48. Rb6+ Kh7 49. g5 Rc5 50. Rb7+ Kh8 51. Kg4 Rc4+ 52. f4 Rc2 53. h6 1-0

[Event "Dnipropetrovsk Region-ch"]
[Site "Dnipropetrovsk"]
[Date "2007.10.??"]
[Round "12"]
[White "Kononenko, Dmitro"]
[Black "Klementev, Oleg"]
[Result "1-0"]
[WhiteElo "2169"]
[BlackElo "2255"]
[PlyCount "75"]
[EventDate "2007.10.??"]
[EventType "tourn"]
[EventRounds "13"]
[EventCountry "UKR"]
[SourceTitle "EXT 2009"]
[Source "ChessBase"]
[SourceDate "2008.11.26"]
[SourceVersion "1"]
[SourceVersionDate "2008.11.26"]
[SourceQuality "1"]

1. e4 d5 2. exd5 Nf6 3. d4 Bg4 4. f3 Bf5 5. Bb5+ c6 6. dxc6 Nxc6 7. Nc3 Qa5 8. Qe2 0-0-0 9. Bxc6 bxc6 10. Qc4 Kb7 11. Bf4 Nd5 12. Nge2 Be6 13. Qa4 Qb6 14. 0-0-0 g5 15. Bg3 Bh6 16. Ne4 Ka8 17. Kb1 Rb8 18. Bxb8 Rxb8 19. b3 Nb4 20. g4 f5 21. Nc5 Bc8 22. h3 e5 23. Nd3 Nxd3 24. Rxd3 Ba6 25. c4 e4 26. fxe4 fxe4 27. Re3 Bf8 28. c5 Qb7 29. Nc1 Bb5 30. Qa5 Re8 31. Rhe1 Qf7 32. a4 Bd3+ 33. Nxd3 Qxb3+ 34. Nb2 Qd5 35. Qc3 Rb8 36. Rxe4 Rb3 37. Re8+ Kb7 38. Qc2 1-0

[Event "Dnipropetrovsk Region-ch"]
[Site "Dnipropetrovsk"]
[Date "2007.10.??"]
[Round "5"]
[White "Maximov, Dmitry"]
[Black "Klementev, Oleg"]
[Result "1-0"]
[WhiteElo "2488"]
[BlackElo "2255"]
[PlyCount "79"]
[EventDate "2007.10.??"]
[EventType "tourn"]
[EventRounds "13"]
[EventCountry "UKR"]
[SourceTitle "EXT 2009"]
[Source "ChessBase"]
[SourceDate "2008.11.26"]
[SourceVersion "1"]
[SourceVersionDate "2008.11.26"]
[SourceQuality "1"]

1. e4 d5 2. exd5 Nf6 3. d4 Bg4 4. Be2 Bxe2 5. Nxe2 Qxd5 6. Nf4 Qf5 7. Qd3 Qxd3 8. Nxd3 Nc6 9. c3 e5 10. Nxe5 Nxe5 11. dxe5 Ng4 12. f4 Bc5 13. h3 Nf2 14. Rf1 Nd3+ 15. Ke2 Nxc1+ 16. Rxc1 f6 17. Nd2 fxe5 18. fxe5 0-0 19. Nf3 Rae8 20. Re1 Re6 21. Rad1 Rg6 22. Kf1 a5 23. Rd7 Bb6 24. Red1 Re6 25. Rd8 h6 26. Ke2 Rg6 27. g4 Rxd8 28. Rxd8+ Kf7 29. Rb8 h5 30. g5 Re6 31. Kd3 Kg6 32. Rxb7 Re8 33. Ke4 Kf7 34. Nd4 g6 35. Nb5 Re7 36. Rb8 Rd7 37. Nd4 Kg7 38. e6 Re7 39. Kd5 Bxd4 40. cxd4 1-0